| 000 | 01271nam a2200325 i 4500 | ||
|---|---|---|---|
| 001 | 000041290 | ||
| 003 | DO-SdBNP | ||
| 005 | 20240305111131.0 | ||
| 006 | a||||gr|||| 00| 0 | ||
| 007 | ta | ||
| 008 | 130927e2001 dr adb 001 0 spa d | ||
| 020 | _a9993484989 | ||
| 040 |
_aDO-SdBNP _bspa _cBNPHU _erda |
||
| 082 | 4 |
_a972.9367 _bS237b _222 |
|
| 100 | 1 |
_aSantos Hernández, Roberto, _d1948- _931139 _eautor |
|
| 245 | 1 | 3 |
_aLa biblia y el talmud de San Francisco : _bdiacronía y sincronía de la provincia Duarte / _cRoberto Santos Hernández. |
| 264 |
_aSanto Domingo : _bAlfa & Omega, _c2001. |
||
| 300 |
_a180 páginas : _bilustraciones, gráficas, mapas ; _c21 cm. |
||
| 336 |
_2rdacontent _atexto _btxt |
||
| 337 |
_2rdamedia _asin mediación _bn |
||
| 338 |
_2rdacarrier _avolumen _bnc |
||
| 500 | _aIncluye datos biográficos del autor en la contracubierta. | ||
| 504 | _aBibliografía: páginas 175-178. | ||
| 590 | _aInventariado 2024 / MF | ||
| 650 | 4 |
_aCiudades y pueblos _zRepública Dominicana _9784 |
|
| 651 | 4 |
_aSan Francisco De Macorís (República Dominicana) _xHistoria Local _967906 |
|
| 651 | 4 |
_aSan Francisco De Macorís (República Dominicana) _xVida social y costumbres _967907 |
|
| 910 | _aValidado. Control de calidad EMS | ||
| 942 |
_2ddc _cLBS1 |
||
| 999 |
_c40780 _d40780 |
||